Statistics for Geography by Picture - K

Click here to take the quiz!

General Stats

  • This quiz has been taken 27,006 times
    (26,945 since last reset)
  • The average score is 11 of 18

Answer Stats

Answer% Correct
Koala
98%
Kilimanjaro
91%
Kansas
90%
Kazakhstan
86%
Korea
82%
Kuala Lumpur
76%
Kyoto
73%
Komodo
72%
K2
71%
Kobe
54%
{Kensington} Palace
53%
Kremlin
44%
Kyushu
32%
Khmer
31%
{Kowloon} Walled City
29%
Kraków
29%
Kerala
26%
Kathmandu
25%

Score Distribution

Percentile by Number Answered

Percent of People with Each Score

Your Score History

You have not taken this quiz since the last reset